Los 5 países más grandes de cada continente - Estadísticas

Estadísticas generales
  • Esta prueba ha sido intentada 31 veces
  • La puntuación promedio es 27 de 30
Estadísticas de respuestas
Grupo País % Correcto
América del Sur Argentina
100%
América del Sur Brasil
100%
Asia China
100%
Asia Rusia
100%
Europa Rusia
100%
Oceanía Australia
96%
América del Norte Canadá
96%
América del Sur Colombia
96%
América del Norte Estados Unidos
96%
Europa Francia
96%
Asia India
96%
América del Norte México
96%
Oceanía Nueva Zelanda
96%
América del Sur Perú
96%
América del Sur Bolivia
92%
Europa Suecia
92%
África Argelia
88%
Asia Kazajistán
88%
Oceanía Papúa Nueva Guinea
88%
África R. D. Congo
88%
Europa Ucrania
88%
Europa España
85%
África Sudán
85%
África Libia
81%
América del Norte Nicaragua
81%
Asia Arabia Saudí
77%
Oceanía Fiyi
77%
América del Norte Honduras
77%
África Chad
65%
Oceanía Islas Salomón
65%
No se encontraron pruebas coincidentes
Distribución de puntuación
Porcentaje de gente con cada puntuación
Porcentaje por número respondido
Historial de tus puntuaciones
No has intentado esta prueba.